Swindon (Record no. 80310)

MARC details
000 -LEADER
fixed length control field 00780cab a22001935a 4500
001 - CONTROL NUMBER
control field L143926
008 - FIXED-LENGTH DATA ELEMENTS--GENERAL INFORMATION
fixed length control field 080606s2008 xxk f 000 0 eng d
035 ## - SYSTEM CONTROL NUMBER
System control number (Sirsi) u143926
041 0# - LANGUAGE CODE
Language code of text/sound track or separate title eng
100 1# - MAIN ENTRY--PERSONAL NAME
Personal name Sutton Jeremy
245 00 - TITLE STATEMENT
Title Swindon
Remainder of title 2008 will be a frustrating year
260 ## - PUBLICATION, DISTRIBUTION, ETC.
Date of publication, distribution, etc. 2008
490 ## - SERIES STATEMENT
Series statement Property Forecast
Volume/sequential designation 11(5) May 2008, 6-7(2)
520 ## - SUMMARY, ETC.
Summary, etc. Considers the Swindon office market. Predicts that 2008 could be frustrating due to the lack of Grade A stock, both in and out of town, to meet demand. Reviews the Swindon office market in 2007. Considers that 2008 should be an important year for regeneration in the town.
590 ## - LOCAL NOTE (RLIN)
Local note KA
651 #4 - SUBJECT ADDED ENTRY--GEOGRAPHIC NAME
Geographic name Swindon
690 ## - LOCAL SUBJECT ADDED ENTRY--TOPICAL TERM (OCLC, RLIN)
Topical term or geographic name as entry element PROPERTY-COMMERCIAL PROPERTY-OFFICE PROPERTY-OFFICE PROPERTY MARKET
942 ## - ADDED ENTRY ELEMENTS (KOHA)
Suppress in OPAC 0
Holdings
Withdrawn status Lost status Source of classification or shelving scheme Damaged status Not for loan Home library Current library Shelving location Date acquired Total Checkouts Full call number Barcode Date last seen Copy number Price effective from Koha item type
    Dewey Decimal Classification     London London Journal article 06/06/2008   L143926 143926-1001 06/08/2019 1 06/08/2019 Journal article